Má ho váš výrobek nebo podnik?
Vymedzenie pojmu image. Image ako sociálno-psychologický proces. Image v spojitosti s človekom, výrobkom a firmou. Rozvoj a pestovanie image na trhu. Pravidlá pre cielene pestovaný image.
Na minha lista:
| Autor principal: | |
|---|---|
| Formato: | Capítulo de Livro |
| Idioma: | tcheco |
| Assuntos: | |
| Tags: |
Sem tags, seja o primeiro a adicionar uma tag!
|
MARC
| LEADER | 00000naa a2200000 4500 | ||
|---|---|---|---|
| 001 | r038243 | ||
| 005 | 20230920101017.6 | ||
| 041 | 0 | |a cze | |
| 044 | |a CZ | ||
| 245 | 1 | 0 | |a Má ho váš výrobek nebo podnik? |c Michael Šebek |
| 520 | |a Vymedzenie pojmu image. Image ako sociálno-psychologický proces. Image v spojitosti s človekom, výrobkom a firmou. Rozvoj a pestovanie image na trhu. Pravidlá pre cielene pestovaný image. | ||
| 610 | 2 | 0 | |a imidž |
| 610 | 2 | 0 | |a psychológia |
| 610 | 2 | 0 | |a stratégia obchodná |
| 610 | 2 | 0 | |a podnikanie |
| 610 | 2 | 0 | |a konkurencia |
| 610 | 2 | 0 | |a trh |
| 610 | 2 | 0 | |a výrobky |
| 610 | 2 | 0 | |a podnik |
| 610 | 2 | 0 | |a zákazníci |
| 100 | 1 | |a Šebek, Michael | |